000 00465nam a2200157 i 4500
001 50383
003 ES-MaACL
005 20230906162153.0
007 t|
008 030804s1981 ch ||||1| eng d
245 0 0 _aA crumbling red China
_b: signs and omens /
_cby Yabuki Susumu ... [et al.].
260 _aTaipei, Taiwan :
_bWorld Anti-Communist League,
_c1981.
300 _a50 p. ;
_c19 cm.
700 1 _aSusumu, Yabuki.
_9108868
852 _aES-MaACL
_j2111-F-22
999 _c50383
_d50383